Islam and the destiny of man (Record no. 1452)

MARC details
000 -LEADER
fixed length control field 005090000a22002050004500
003 - CONTROL NUMBER IDENTIFIER
control field LK-CoMWRAF
005 - DATE AND TIME OF LATEST TRANSACTION
control field 20231013143037.0
008 - FIXED-LENGTH DATA ELEMENTS--GENERAL INFORMATION
fixed length control field 230817t ||||| |||| 00| 0 eng d
020 ## - INTERNATIONAL STANDARD BOOK NUMBER
International Standard Book Number 0042970474
040 ## - CATALOGING SOURCE
Original cataloging agency LK-CoMWRAF
Modifying agency LK-CoMWRAF
Description conventions LK-CoMWRAF
041 ## - LANGUAGE CODE
Language code of text/sound track or separate title English
082 ## - DEWEY DECIMAL CLASSIFICATION NUMBER
Classification number 297
Item number EAT
942 ## - ADDED ENTRY ELEMENTS (KOHA)
Koha item type Books
100 ## - MAIN ENTRY--PERSONAL NAME
Personal name Eaton, Charles Le Gai
245 ## - TITLE STATEMENT
Title Islam and the destiny of man
260 ## - PUBLICATION, DISTRIBUTION, ETC. (IMPRINT)
Place of publication, distribution, etc. London :
Name of publisher, distributor, etc. George Allen,
Date of publication, distribution, etc. 1985
300 ## - PHYSICAL DESCRIPTION
Extent 242p
650 ## - SUBJECT ADDED ENTRY--TOPICAL TERM
Topical term or geographic name as entry element Islam
650 ## - SUBJECT ADDED ENTRY--TOPICAL TERM
Topical term or geographic name as entry element Islam-Destiny of man
Holdings
Withdrawn status Lost status Damaged status Not for loan Permanent Location Current Location Date acquired Full call number Barcode Koha item type
        Resource center, Muslim Women's Research And Action Forum Resource center, Muslim Women's Research And Action Forum 2023-08-17 297 EAT RAF1449 Books

Copyright © 2023 Muslim Women's Research and Action Forum (MWRAF), No 27/3, Anderson Road, Kalubowila, Dehiwela. Funded by The Asia Fundation